| 000 | 01729nam0a2200325 4500 | ||
|---|---|---|---|
| 001 | RU\NLR\bibl\1278178 | ||
| 005 | 20260409071242.0 | ||
| 010 |
_a978-5-394-00100-0 _92500 |
||
| 021 |
_aRU _b2008-60916 _93428 |
||
| 035 | _a(NLR Aleph) 001263981 | ||
| 090 |
_a396885 _c396885 |
||
| 100 | _a20080926d2008 |||y0rusy50 ca | ||
| 101 | 0 | _arus | |
| 102 | _aRU | ||
| 105 | _ay ||||||||| | ||
| 200 | 1 |
_aАдвокатское право _e(адвокатская деятельность и адвокатура в России) _eучебник _eдля студентов высших учебных заведений, обучающихся по юридическим специальностям и направлениям _fД.П. Баранов, М.Б. Смоленский _gИздат.-торг. корпорация "Дашков и К°" |
|
| 205 | _a3-е изд., перераб. и доп. | ||
| 210 |
_aМосква _cАкадемцентр _cДашков и К° _d2008 |
||
| 215 |
_a366, [1] с. _d20 |
||
| 320 | _aБиблиогр.: с. 305-318 | ||
| 606 |
_aАдвокатура _jУчебники для высших учебных заведений _yРоссийская Федерация _91300309 _3RU\NLR\auth\66538462 |
||
| 686 | _aХ629.08я73 | ||
| 700 | 1 |
_4070 _7ca _8rus _aБаранов _bД. П. _cюрист _f1954- _gДмитрий Петрович _939709 _3RU\NLR\auth\7756777 |
|
| 701 | 1 |
_4070 _7ca _8rus _aСмоленский _bМ. Б. _cканд. юрид. наук, д-р социол. наук _f1956- _gМихаил Борисович _921520 _3RU\NLR\AUTH\7738536 |
|
| 801 | 0 |
_aRU _bNLR _c20080926 _gRCR |
|
| 801 | 1 |
_aRU _bNLR _c20080926 |
|
| 942 | _cBOOK | ||
| 980 | _aNB | ||